Flags of the World #15 (Dependencies) - Statistics

General Stats
  • This quiz has been taken 54 times
  • The average score is 11 of 16
Answer Stats
Picture Answer % Correct
Mayotte
92%
Saint Barthélemy
92%
Åland Islands
90%
Faroe Islands
90%
Martinique
77%
French Guiana
74%
Guadeloupe
74%
Wallis & Futuna
74%
Bonaire
72%
Saint Pierre and Miquelon
72%
Réunion
67%
Saba
64%
French Southern and Antarctic Lands
62%
Sint Eustatius
62%
Saint Martin
49%
Juan Fernández Islands
28%
No matching quizzes found
Score Distribution
Percent of People with Each Score
Percentile by Number Answered
Your Score History
You have not taken this quiz